Trois cas de relations Nord-Sud : Japon - Asie pacifique, Brésil - OCDE, URSS - Afrique septentrionale

সংরক্ষণ করুন:
গ্রন্থ-পঞ্জীর বিবরন
বিন্যাস: গ্রন্থ
ভাষা:Undetermined
প্রকাশিত: Paris La Documentation Francais 1980
বিষয়গুলি:
ট্যাগগুলো: ট্যাগ যুক্ত করুন
কোনো ট্যাগ নেই, প্রথমজন হিসাবে ট্যাগ করুন!
Thư viện lưu trữ: Trung tâm Học liệu Trường Đại học Cần Thơ
LEADER 00569nam a2200193Ia 4500
001 CTU_96616
008 210402s9999 xx 000 0 und d
082 |a 382.09 
082 |b T845 
245 0 |a Trois cas de relations Nord-Sud : 
245 0 |b Japon - Asie pacifique, Brésil - OCDE, URSS - Afrique septentrionale 
245 0 |c La Documentation Francais 
260 |a Paris 
260 |b La Documentation Francais 
260 |c 1980 
650 |a Commerce 
650 |z Asian,ẹapan 
904 |i Giang 
980 |a Trung tâm Học liệu Trường Đại học Cần Thơ